00322pam a2200133 a 4500020002000000041000500020100002600025245007200051250000800123260002200131300000800153653001300161700001400174 a81-297-0725-xc h aD QUINN MILLSeAuthor aHAVING IT ALL AND MAKING IT WORKcD QUINN MILLShTextual Documents  a1st anew delhibperson a114 acomputer eCo-Author